| 000 | 00491nam a22001937a 4500 | ||
|---|---|---|---|
| 003 | OSt | ||
| 005 | 20190418135720.0 | ||
| 008 | 190418b xxu||||| |||| 00| 0 eng d | ||
| 020 | _a9781842779767 | ||
| 040 | _cDDC | ||
| 082 | _a941.6 POR 2008. | ||
| 100 |
_aPortious ,Tom; _912772 |
||
| 245 | _aBritain in Africa. | ||
| 260 |
_aLondon, _bZED books. _c2008 |
||
| 300 |
_aix,158p; _bill, _c20cm. |
||
| 504 | _a includes notes and index. | ||
| 650 |
_aResearch. _93727 |
||
| 942 |
_2ddc _cO_SHELF |
||
| 999 |
_c6201 _d6201 |
||